Normal view
MARC view
Entry Personal Name
001 - CONTROL NUMBER
- control field: 168176
003 - CONTROL NUMBER IDENTIFIER
- control field: OSt
005 - DATE AND TIME OF LATEST TRANSACTION
- control field: 20220923224632.0
008 - FIXED-LENGTH DATA ELEMENTS
- fixed length control field: 220923|| aca||aabn | a|a d
040 ## - CATALOGING SOURCE
- Original cataloging agency: OSt
- Transcribing agency: OSt
100 ## - HEADING--PERSONAL NAME
- Personal name: सोलनिस्तीन, अलेक्जैण्डर; गौड, रमेश, अनु
670 ## - SOURCE DATA FOUND
- Source citation: Work cat.: (OSt)372675: सोलनिस्तीन, अलेक्जैण्डर; गौड, रमेश, अनु., कैन्सर वार्ड, 1973
